Commentary on the epistles of Paul the Apostle to the Philippians, Colossians & Thessalonians / (Record no. 8427)
[ view plain ]
| 000 -LEADER | |
|---|---|
| fixed length control field | 00685nam a2200181 4500 |
| 008 - FIXED-LENGTH DATA ELEMENTS--GENERAL INFORMATION | |
| fixed length control field | 020111s1948 miu engta |
| 090 ## - LOCALLY ASSIGNED LC-TYPE CALL NUMBER (OCLC); LOCAL CALL NUMBER (OCLC) | |
| Classification number (OCLC) (R) ; Classification number, CALL (RLIN) (NR) | BS2340 |
| Local cutter number (OCLC) ; Book number/undivided call number, CALL (RLIN) | C13c |
| -- | Phi |
| 100 1# - MAIN ENTRY--PERSONAL NAME | |
| Personal name | Calvin, John |
| 245 10 - TITLE STATEMENT | |
| Title | Commentary on the epistles of Paul the Apostle to the Philippians, Colossians & Thessalonians / |
| Statement of responsibility, etc | John Calvin; trans. by John Pringle. |
| 260 ## - PUBLICATION, DISTRIBUTION, ETC. (IMPRINT) | |
| Place of publication, distribution, etc | Michigan : |
| Name of publisher, distributor, etc | Eerdmans, |
| Date of publication, distribution, etc | 1948. |
| 300 ## - PHYSICAL DESCRIPTION | |
| Extent | 384 p. : |
| Other physical details | ill. |
| 650 #4 - SUBJECT ADDED ENTRY--TOPICAL TERM | |
| Topical term or geographic name as entry element | Bible. N.T. Colossians |
| General subdivision | Commentaries. |
| 650 #4 - SUBJECT ADDED ENTRY--TOPICAL TERM | |
| Topical term or geographic name as entry element | Bible. N.T. Philippians |
| General subdivision | Commentaries. |
| 650 #4 - SUBJECT ADDED ENTRY--TOPICAL TERM | |
| Topical term or geographic name as entry element | Bible. N.T. Thessalonians |
| General subdivision | Commentaries. |
| 700 1# - ADDED ENTRY--PERSONAL NAME | |
| Personal name | Pringle, John |
| 950 0# - LOCAL HOLDINGS (RLIN) | |
| -- | .00 |
| 951 ## - EQUIVALENCE OR CROSS-REFERENCE-GEOGRAPHIC NAME/AREA NAME [OBSOLETE] [CAN/MARC only] | |
| -- | 5399 |
| -- | BS2340/C13c/Phi |
| -- | 070613111035593 |
| -- | 2000-12-21 |
| -- | REF |
| Withdrawn status | Lost status | Damaged status | Not for loan | Home library | Current library | Shelving location | Date acquired | Accession number | Shelving control number | Total Checkouts | Full call number | Date last seen | Price effective from | Koha item type |
|---|---|---|---|---|---|---|---|---|---|---|---|---|---|---|
| BSOP Library | BSOP Library | Reference | 12/21/2000 | 5399 | 127 | BS2340/C13c/Phi | 02/23/2013 | 02/23/2013 | Books |
